00720nam a2200157Ia 4500008004100000100003300041245015300074245010700227260005300334260000900387300001200396650001500408856004700423999001900470952007300489170221s9999 xx 000 0 und d aNur Fadiah Binti Mohd Zawawi aLogistics Capability, Information Technology, and Innovation Capability of Logistics Service Providers: Empirical Evidence from East Coast Malaysia  cNur Fadiah Binti Mohd Zawawi, Sazali Abdul Wahab, Abdullah Al Mamun, Ghazali Bin Ahmad, Syed Ali Fazal bInternational Review of Management and Marketing c2016 a15 : 14 xMarketing. uhttp://www.econjournals.com/index.php/irmm c311833d311833 001040aCLbCLd2017-02-21l0r2017-02-21 00:00:00w2017-02-21yFOJ